00602nam a2200181Ia 450000500170000000800410001702000180005808200240007610000410010024500360014125000120017726000260018930000170021565000090023294200070024199900190024895201530026720250529082913.0231217s9999 xx 000 0 und d a9780072119763 a001.6424JAV NAU;14 aNaughton, Patrick. Schildt, Herbert. 0aJava 2 : The complete reference a3rd ed. c1999bTMHaNew Delhi axxviii, 1108 aJava cAA c195587d195587 r2024-01-26 00:00:00l0o001.6424JAV NAU;14p86807W0w2024-01-26yAA1040708CL00L06/07/2022aMLbMLcCLd2013-07-26EDONATEDGRSF1V0URupees